Quizzes
Events
Quiz Creation
Community
Videos
Private Events
Remove Ads
Sign In
Join for FREE
Feedback
Dark Mode
Quiz Categories
Sports
Geography
Music
Movies
Television
Just For Fun
Miscellaneous
History
Literature
Language
Science
Gaming
Entertainment
Religion
Holiday
For Kids
Quiz Lab
Recent
Popular Today
Quiz Kudos Today
Editor Picks
Curator Picks
Quizzes by...
Day
Popularity
Type
Ratings
Length
Year
Community
Subscriptions
Recent Discussions
Orange Saloon
Badges
Playlists
Quests
Create
Leaderboards
Showdown
Live 5
Trivia Bingo
Activity
Puzzle Library
Sporcle Events
Private Events
Virtual Trivia
Globe League
Become a Host
Pub Owners
SporcleCon
Opinionation
Our Games
Videos
Blog
Mobile Apps
Partnerships
Remove Ads and Go Orange
Feedback
Religion
Mythology
Religious Music
World Religions
Bible
Christianity
Catholicism
Judaism
Church
Scripture
Islam
Verse
Religion
Mythology
Religious Music
World Religions
Bible
Christianity
Catholicism
Judaism
Church
Scripture
Islam
Verse
Random Quiz
Search Sporcle
×
Editor Pick
Editor Pick
Religion
Art
Type answers based on single images at one time
Type answers based on single images at one time
Slideshow
Best Score? Go Orange.
Biblical Pairs in Art Stats
Can you name the Biblical pair depicted in these works of art?
By
collectivebrain
4m
10 Questions
2,817 Plays
2,817 Plays
2,817 Plays
Comments
Comments
Give Quiz Kudos
Give Quiz Kudos
-
- Ratings
hide this ad
Replay
Link that replays current quiz
Next Quiz
Link to next quiz in quiz playlist
You Got
0%
They Got
Avg Score
54%
Avg Friend Score
Upgrade to see
Score Distribution
Jump to the score distribution portion of the page
Score
0/10
Timer
04:00
0
Plays Today
% Correct
Jesus Christ and Mary Magdalene
91.4%
Adam and Eve
88.3%
David and Goliath
86.7%
Mary and Joseph
64.7%
Samson and Delilah
54%
Cain and Abel
43.7%
Moses and Aaron
39.2%
Naomi and Ruth
29.6%
David and Bathsheba
27.5%
Hagar and Ishmael
18.7%
Quiz Playlist
Details
Report
Send in Message
Add To Playlist
Slideshow:
Type answers based on single images at one time
Last Updated: Dec 20, 2017
Editor Pick in
Religion
Curator Pick in
Christianity
Quiz Scoreboard
CHALLENGE
Sign Up to Join the Scoreboard
Show All
Scores
Hide
Comments
May contain spoilers
Recently Published
Popular People in 1961
by mucciniale
History
6m
1-10 Letter E Words III
by El_Dandy
Language
2m
One Thing in Common: World Cities II
by knightlancer
Geography
7m
More to Explore
Quiz From the Vault
Featured Blog Post
Where Did the Easter Bunny Come From?
hide this ad
You Might Also Like...
Tags
Art Quiz
Bible Quiz
Christianity Quiz
Christian
Image Quiz
Today's Top Quizzes in Religion
Browse Religion
hide this ad
Today's Top Quizzes in Art
Browse Art
Top Contributed Quizzes in Religion
1
10 to 1: Islam
2
10 to 1: Protestantism
3
10 to 1: Norse Religion
4
10 to 1: Judaism
5
Names of Surahs in the Quran
6
10 to 1: Hinduism
7
One Thing in Common: Mythology
8
One Thing in Common: Mythology II
9
Order Up: Seven Last Words of Christ
10
Language by 'Haggadah' Cover
Explore More
Trending Topics
Marvel
Crossword
Anime
NBA
Harry Potter
Disney
Kpop
Pokémon
Puzzle
Soccer
Song
WWE
The Office
Country
NFL
hide this ad
More By:
collectivebrain
Quiz
Plays
Rating
Category
Featured
Created
Three Images: Guess the Movie
191,193
4.25
Movies
Jul 31, 2014
Three Images: Guess the Historical Figure II
110,737
4.05
History
Sep 10, 2014
Three Images: Guess the Historical Figure
97,553
3.80
History
Aug 13, 2014
Three Images: Guess the Movie III
55,256
4.22
Movies
Aug 5, 2014
Three Images: Guess the Writer
48,241
4.30
Literature
Sep 28, 2014
Go to Creator's Profile
Score Distribution
Quiz Creator Spotlight
collectivebrain
Follow
Send a Message
Quizzes Created
-
Created Quiz Play Count
-
More By This Creator
Popular Quizzes Today
1
Find the US States - No Outlines Minefield
2
Find the Countries of Europe - No Outlines Minefield
3
The Countries of the World
4
Popular People in 1961
5
1-10 Letter E Words III
6
US States
7
Find the US States
8
One Thing in Common: World Cities II
More Religion Quizzes
12 to 1 Characters per Bible Book
Curator's Pick
Trending Quizzes
Risky Map Clicking: Least Populous States A-Z
1-10 Letter F Words
1-10 Letter G Words
One Thing in Common: United Kingdom
Risky Map Clicking: Next State Alphabetically
Recently Updated
Leaping Animals
pecheneg
Reality TV Shows (A-Z)
bhenderson79
Rickey Henderson's Hall of Fame Teammates
pecheneg
Champions League XIs: Arsenal
pecheneg
Quick Pick: Celebrities in WWE's Hall of Fame
aduchscher
A-Z Keypad Blitz II
pecheneg
Multiple Oscar Actors
pecheneg
Mystery Phrase Blitz: Oscar 'Best Actors'
pecheneg
F. Scott Fitzgerald Novels
LTH
Pick 3 Villains
ddd62291
Trending Topics
Kpop
Disney
NBA
Harry Potter
Crossword
Marvel
Anime
Puzzle
Song
The Office
WWE
Pokémon
Country
NFL
Soccer
Your Account Isn't Verified!
In order to create a playlist on Sporcle, you need to verify the email address you used during registration. Go to your
Sporcle Settings
to finish the process.
Report this User
Report this user for behavior that violates our
Community Guidelines
.
Details:
Send Report
Go to the Sporcle.com Mobile Site →
Comments